000 00652nam a2200241Ia 4500
003 OSt
005 20220918220643.0
006 a|||||r|||| 00| 0
007 ta
008 220917b |||||||| |||| 00| 0 eng d
024 _a146,651
037 _cTextual
040 _aARTS
_cARTS
_beng
041 _2eng
_aeng
082 _aXv2.C, [F5]
100 _aBandyopadhyaya N C
_9137999
245 0 _aEconomic life and progress in ancient India
260 _aAllahabad
_bAbiunash Prakashan
_c1925
300 _axx,320p.
_ccm.
650 _aECONOMICS
942 _hXv2.C, [F5]
_cTEXL
_2CC
999 _c269407
_d269407